| 000 | 00000nam##2200000za#4500 |
| 001 | 9.644291 |
| 003 | CaOODSP |
| 005 | 20210624224555 |
| 007 | cr ||||||||||| |
| 008 | 150407|1997||||xxc|||||o f|0| 0 fre|d |
| 040 | |aCaOODSP|bfre |
| 043 | |an-cn--- |
| 086 | 1 |aCP32-64/8-1997F-PDF |
| 110 | 1 |aCanada. |bCommission d'enquête sur le déploiement des Forces canadiennes en Somalie. |
| 245 | 10|aL'indépendance des poursuites engagées relativement à des infractions commises dans les Forces canadiennes - la police militaire et le pouvoir discrétionnaire de poursuivre : |h[ressource électronique]|bétude préparée pour la Commission d'enquête sur le déploiement des Forces canadiennes en Somalie / |c[par] James O'Reilly et Patrick Healy. |
| 260 | |aOttawa - Ontario : |bCommission d'enquête sur le déploiement des Forces canadiennes en Somalie |cc1997. |
| 300 | |a147p. |
| 500 | |a[Numérisé, 2014]. Le n° de catalogue (CP32-64/8-1997F) et l'ISBN (0-660-95688-8) de l'édition imprimée ont été copiés dans l'édition électronique. |
| 590 | |a15-03-Supp|b2015-03-13 |
| 691 | 07|aArmée|2gcpds |
| 691 | 07|aDroit militaire|2gcpds |
| 775 | 08|tIndependence in the prosecution of offences in the Canadian Forces - military policing and prosecutorial discretion : |w(CaOODSP)9.700402 |
| 776 | 0#|tL'indépendance des poursuites engagées relativement à des infractions commises dans les Forces canadiennes: la police militaire et le pouvoir discrétionnaire de poursuivre : |w(CaOODSP)9.680164 |
| 856 | 40|ahttp://publications.gc.ca|qPDF|s63.05 Mo|uhttps://publications.gc.ca/collections/collection_2015/bcp-pco/CP32-64-8-1997-fra.pdf |